000 00336nam a22001217a 4500
008 180606b xxu||||| |||| 00| 0 eng d
041 _aeng
080 _a043.3
100 _a0
101 _aMBE-BA
245 _aInstitucionet Financiare Nderkombtare dhe procesi i globalizimit (Kosova si anetare e IFN-se)
_cSpahiu, N
942 _2udc
_cBK
999 _c46434
_d46434